| 000 | 00724nam a2200229 a 4500 | ||
|---|---|---|---|
| 005 | 20240924065738.0 | ||
| 008 | 991125s1996 arg 000 0 spa u | ||
| 020 | _a9879116143 | ||
| 020 | _a9879191471 (2a ed.) | ||
| 035 | _aUPN01000006606 | ||
| 049 | _aCG | ||
| 050 | 4 |
_aHF5549.5 T7 _bP3.3 |
|
| 100 | 1 |
_aPain, Abraham _932032 |
|
| 245 | 1 | 0 |
_aCapacitación laboral / _cAbraham Pain |
| 260 |
_aBuenos Aires : _bNovedades Educativas : _bUniversidad de Buenos Aires, Facultad de Filosofía y Letras, _c1996. |
||
| 300 | _a122 p. | ||
| 440 | 0 |
_aLos documentos ; _v4 |
|
| 500 | _a"2a ed., marzo de 2001" (reimpresión) | ||
| 650 | 4 |
_aEducación permanente _97280 |
|
| 650 | 4 |
_aEmpleados _xCapacitación _9979 |
|
| 905 | _aLibro | ||
| 999 |
_c6606 _d6606 |
||